000 01683nam a2200397 c 4500
003 BLK
005 20180420230528.0
008 180409b bul|||||r ||||||| ||bul||
010 _aKNG00113349000
020 _a954-730-188-8
_bиздат.: Сиби
040 _aBLK
041 _aBUL
_cBUL
080 _aОсновни задачи на общественото управление
_b351
_x:342.7(497.2)(094.9)
_z351:342.7(497.2)(094.9)
080 _aОсновни задачи на общественото управление
_b351
_x:355.40(497.2)(094.9)
_z351:355.40(497.2)(094.9)
110 1 _aБългария. Закони и др. п.
_9243213
139 _aБългария. Закони и др. п.
_bБ 92
245 1 0 _aЗащита на класифицираната информация
_bСб. нормат. актове
257 _aBGR
260 София
_bСиби
_c2003
_fСофия : Симолини
300 _a276 с.
_c18 см
380 _a3
490 1 _aПоредица Джобни издания
500 _aОфс. изд. - 500 тир.
650 4 _aИнформация, класифицирана
_9311135
650 4 _aСвобода на информацията - България - законодателни и директивни материали
_9284082
653 _aзакони
653 _aинформация
653 _aкласифицирана информация
653 _aнормативни документи
653 _aБългария
852 _aЦб І 31232
856 4 _qpdf
_u
856 4 _qpdf
_u
942 _cKNG
_n0
944 _aCR
_c02.06.2004
_kДиана_Димитрова
944 _aED
_c23.06.2005
_k
999 _c108051
_d108051